| 000 | 004480000a22001810004500 | ||
|---|---|---|---|
| 003 | MACL | ||
| 005 | 20150814124238.0 | ||
| 008 | 150814b xxu||||| |||| 00| 0 eng d | ||
| 040 |
_aMACL _cMACL |
||
| 041 | _aEnglish | ||
| 082 | _a400/HUD | ||
| 100 |
_aHuda, Nurul _95555 |
||
| 245 | _aTeaching English to Indian Pupils | ||
| 260 |
_bCommonwealth Publishers _c2005 _aNew Delhi |
||
| 350 | _a450 | ||
| 650 |
_aLanguage _95556 |
||
| 942 |
_cBK _k400 _2ddc |
||
| 999 |
_c8035 _d8035 |
||